000 00441nam a22001577a 4500
999 _c16880
_d16880
008 180627b xxu||||| |||| 00| 0 eng d
020 _a0495095389
100 _aSamovar, Larry A.
245 _aCommunication between Cultures
_cLarry A. Samovar
250 _a6th ed.
260 _aAustralia
_bThomson
_c2007
300 _axv, 415p.
650 _2Intercultural Communication
650 _2communication and culture
942 _2lcc
_cBK